|
|
|
|
| LEADER |
00675nta a2200193 i 4500 |
| 001 |
dipl95674 |
| 005 |
20201209090837.0 |
| 008 |
201209s1998 hu om 0|| zxx d |
| 040 |
|
|
|a SZTE Diploma Repozitórium
|b hun
|
| 041 |
|
|
|a zxx
|
| 100 |
1 |
|
|a Tóth Valéria
|
| 245 |
1 |
2 |
|a A történelem megjelenése a hetvenes évek magyar ifjúsági regényeiben
|h [elektronikus dokumentum] /
|c Valéria Tóth
|
| 260 |
|
|
|c 1998
|
| 650 |
|
4 |
|a Bölcsészettudományok
|
| 650 |
|
4 |
|a History and archaeology
|
| 650 |
|
4 |
|a History
|
| 650 |
|
4 |
|a Languages and Literature
|
| 700 |
1 |
|
|a Nagy János
|e ths
|
| 856 |
4 |
0 |
|u http://diploma.bibl.u-szeged.hu/id/eprint/95674/1/1998_toth_valeria.pdf
|z Dokumentum-elérés
|